Selected Works of Jawaharlal Nehru: (Record no. 188396)

MARC details
000 -LEADER
fixed length control field 00558nam a22001697a 4500
005 - DATE AND TIME OF LATEST TRANSACTION
control field 20230406114231.0
010 ## - LCCN (DPL NO)
LC control number ENG-132741
020 ## - INTERNATIONAL STANDARD BOOK NUMBER
International Standard Book Number 9780199489015
Terms of availability 1450.00
035 ## - SYSTEM CONTROL NUMBER
System control number EN-116273
037 ## - SOURCE OF ACQUISITION
Source of stock number/acquisition DBAD/PUB
082 ## - DEWEY DECIMAL CLASSIFICATION NUMBER
Classification number 954.0420924
245 ## - TITLE STATEMENT
Title Selected Works of Jawaharlal Nehru:
Remainder of title 7 February - 15 March 1962/
Statement of responsibility, etc Edited by Madhavan K. Palat
260 ## - PUBLICATION, DISTRIBUTION, ETC. (IMPRINT)
Place of publication, distribution, etc New Delhi
Name of publisher, distributor, etc Jawaharlal Nehru Memorial Fund
Date of publication, distribution, etc 2015
270 ## - ADDRESS
Address Teen Murti House
City New Delhi
Postal code 110011
300 ## - PHYSICAL DESCRIPTION
Extent xxv, 722p.
Dimensions 25cm(hbk)
942 ## - ADDED ENTRY ELEMENTS (KOHA)
Source of classification or shelving scheme Dewey Decimal Classification
Item type English Books
Classification part 954.0420924
Call number suffix SEL
Holdings
Withdrawn status Lost status Not for loan Collection code Home library Current library Date acquired Source of acquisition Cost, normal purchase price Full call number Barcode Copy number Cost, replacement price Koha item type
      Reference Central Library Central Library 20/05/2022 DBAD/PUB 799.00 954.0420924 SEL EN-116273 1 1450.00 English Books

© Delhi Public Library
Hit Counter
free hit counter